1221 1856 1387 1617 1321 1129 1852 1951 1236 1002 1156 1041 1663 1797 1658 1147 1089 1176 1783 1737 1186 1644 1346 1932 1493 1062 1195 1180 1062 1391 1157 1600 1542 1724 1569 1427 1325 1794 1666 1254 1658 1807 1420 1713 1965 1203 1642 1369 1579 1508 1553 1903 1006 1550 1420 1831 1120 1933 1626 1023 1749 1713 1029 1575 1173 1756 1018 1604 1354 1697 1958 1853 1164 1618 1431 1381 1868 1572 1174 1505 1230 1074 1918 1272 1833 1045 1496 1868 1685 1451 1126 1296 1925 1891 1014 1447 1656 1493 1200 BCNSPRNW ULIB Ver.6.0+V

เปลี่ยนเป็นภาษาไทย

Change to English
 แสดงรายละเอียดบรรณานุกรม
  กลับหน้าหลัก

Brief Record : Get Marc (ISO 2709) : E-mail record : QR code < ปิดหน้าต่าง
LEADER : 00000nam 2200000uu 4500
001    13399107727
003     ULIB
008    110130s2550||||th 000 0 tha d
020    9789747662580
050  4 BF412^bว176อ 2550
100 0  วนิษา เรซ
245 10 อัจฉริยะสร้างได้ /^cโดย วนิษา เรซ
250    พิมพ์ครั้งที่ 1
260    กรุงเทพฯ :^bred,^c2550
300    179 หน้า :^bภาพประกอบ ;^c21 ซม.
650  7 อัจฉริยบุคคล
653    Open Your Eyes Project
945    ^p186^l0^i17841
995    เกษร
999 ^a ใช้งานได้ทุกระบบ
รายการนี้ยังไม่มีแท็ก
คุณยังไม่ได้ล็อกอิน คุณสามารถมีกิจกรรมร่วมกับเว็บไซต์ได้ แต่ต้องล็อกอินก่อน ::
  ล็อกอิน

รายการสื่อสารสนเทศ

ลำดับที่ ประเภท เลขเรียก/บาร์โค้ด สถานที่ สถานะ
- ไม่พบข้อมูล -

รายการใกล้เคียง
    ผู้แต่ง [วนิษา เรซ]

    หัวเรื่อง [อัจฉริยบุคคล]

BibComment


ยังไม่เคยถูกคอมเมนท์

คอมเมนท์ทรัพยากรรายการนี้
  คอมเมนท์: อัจฉริยะสร้างได้ ..


 Copyright 2026. Bcnsprnw @Library